000 00778cam a22002657a 4500
001 14066
003 BD-JhCC
005 20240912133734.0
008 061109s2007 inua f 001 0 eng d
020 _a076866618X
035 _a(OCoLC)14066
040 _aUKM
_cUKM
_dBAKER
_dC#P
_dVP@
_dIXA
_dYDXCP
_dOCLCQ
_dDLC
041 _aenglish
050 0 0 _aTK5105.52
_b.S34 2007
082 0 4 _a004.678
_222
_bSCH 2007
100 1 _aSchlossnagle, Theo.
245 1 0 _aScalable internet architecture /
_cTheo Schlossnagle.
260 _aIndianapolis, Ind. :
_bDeveloper's Library/Sams,
_c2007.
300 _axi, 262 p. :
_bill. ;
_c23 cm.
500 _aIncludes index.
650 0 _aComputer network architectures.
650 0 _aWeb site development.
942 _2ddc
_cBK
999 _c14066
_d14066